“花生”地点数量≥200的地级行政区 Prefectures with ≥200 "Peanut" sites - Statistics

General Stats
  • This quiz has been taken 17 times
  • The average score is 8 of 17
Answer Stats
地级行政区 数量 % Correct
上海 441
100%
南京 486
94%
广州 426
94%
深圳 220
88%
重庆 243
82%
成都 204
82%
青岛 368
76%
临沂 393
59%
南阳 397
41%
开封 269
29%
驻马店 246
29%
泉州 274
18%
惠州 331
12%
桂林 293
12%
湛江 242
12%
茂名 468
6%
葫芦岛 208
6%
No matching quizzes found
Score Distribution
Percent of People with Each Score
Percentile by Number Answered
Your Score History
You have not taken this quiz